000 00777nam a2200229Ii 4500
003 JO-AjNU
008 230605s9999||||xx |||||||||||||| ||und||
017 _a2009/15223
020 _a978-977-477-0470
040 _aJO-AjNU
_bara
_erda
_cJO-AjNU
041 _aara
050 1 4 _aHF5415.2010
100 3 _aبني هاني، يهاب/معن صقر,
_eauthor
_943981
245 0 0 _aأنظمة المعلومات التسويقية
250 _aط1
264 3 1 _aالقاهرة:الشركة العربية المتحدة للنسويق والتوريدات؛2010
300 _a324ص
336 _atext
_btxt
_2rdacontent
337 _aunmediated
_bn
_2rdamedia
338 _avolume
_bnc
_2rdacarrier
650 4 _aالتسويق-تطبيقات الحاسب الالي
_943982
999 _aA18951
_c22519
_d22519